Nutritional Aspects of HIV Infection (Record no. 932)

MARC details
000 -LEADER
fixed length control field 00589nam a22002057a 4500
003 - CONTROL NUMBER IDENTIFIER
control field OSt
005 - DATE AND TIME OF LATEST TRANSACTION
control field 20170412151117.0
008 - FIXED-LENGTH DATA ELEMENTS--GENERAL INFORMATION
fixed length control field 150119b xxu||||| |||| 00| 0 eng d
020 ## - INTERNATIONAL STANDARD BOOK NUMBER
International Standard Book Number 0340741953
040 ## - CATALOGING SOURCE
Transcribing agency DNLM
082 ## - DEWEY DECIMAL CLASSIFICATION NUMBER
Classification number WB 400 N95t 1999
100 ## - MAIN ENTRY--PERSONAL NAME
Personal name Edited by Tracie, L. Millers & Sherwood, L. Gorbach
9 (RLIN) 12100
245 ## - TITLE STATEMENT
Title Nutritional Aspects of HIV Infection
260 ## - PUBLICATION, DISTRIBUTION, ETC. (IMPRINT)
Place of publication, distribution, etc. London :
Name of publisher, distributor, etc. Arnold;
Date of publication, distribution, etc. 1999
300 ## - PHYSICAL DESCRIPTION
Extent vi, 216 p.
Dimensions 29 cm
504 ## - BIBLIOGRAPHY, ETC. NOTE
Bibliography, etc Includes Bibliographical references and index.
650 ## - SUBJECT ADDED ENTRY--TOPICAL TERM
Topical term or geographic name as entry element Nutrition
9 (RLIN) 321
650 ## - SUBJECT ADDED ENTRY--TOPICAL TERM
Topical term or geographic name as entry element HIV infection
9 (RLIN) 12101
942 ## - ADDED ENTRY ELEMENTS (KOHA)
Source of classification or shelving scheme Other/Generic Classification Scheme
Koha item type Short Loan
Holdings
Withdrawn status Lost status Source of classification or shelving scheme Damaged status Not for loan Home library Current library Date acquired Source of acquisition Inventory number Total Checkouts Full call number Barcode Date last seen Koha item type
    Other/Generic Classification Scheme     MUST Main Library MUST Main Library 19/01/2015   05/23080   WB 400 N95t 1999 2015-0159 19/01/2015 Short Loan